[Event "British Universities-ch"]
[Site "Leicester"]
[Date "2024.02.25"]
[Round "?"]
[White "Thornley, Oliver"]
[Black "Miller, Dominic"]
[Result "0-1"]
[WhiteElo "1449"]
[BlackElo "2023"]
[PlyCount "73"]
[EventDate "2024.02.24"]
[EventType "team-swiss (rapid)"]
[EventRounds "9"]
[EventCountry "ENG"]
[SourceTitle "CB11_2024"]
[SourceDate "2024.03.13"]
[SourceVersion "1"]
[SourceVersionDate "2024.03.13"]
[SourceQuality "1"]
[WhiteTeam "Bath"]
[BlackTeam "Oxford"]
[WhiteTeamCountry "ENG"]
[BlackTeamCountry "ENG"]

1. e4 e6 2. d3 c5 3. g3 Nc6 4. Bg2 g6 5. Nf3 Bg7 6. 0-0 d6 7. c3 e5 8. Bg5 Nge7 9. Qd2 h6 10. Be3 f5 11. Na3 a6 12. Nc2 g5 13. exf5 Nxf5 14. d4 cxd4 15. cxd4 e4 16. Nfe1 d5 17. f3 exf3 18. Nxf3 0-0 19. Rae1 Nd6 20. Nxg5 Rxf1+ 21. Rxf1 Nc4 22. Qf2 Nxe3 23. Qf7+ Kh8 24. Nxe3 Qxg5 25. Nxd5 Bg4 26. Qxb7 Rc8 27. Nf4 Nxd4 28. Qxa6 Re8 29. h4 Qc5 30. Kh2 Nf5 31. Ne6 Qe5 32. Nf4 Qxb2 33. Ng6+ Kh7 34. Qa7 Ne3 35. Nf4 Nxf1+ 36. Kg1 Nxg3 37. Kh2 0-1

[Event "British Universities-ch"]
[Site "Leicester"]
[Date "2024.02.24"]
[Round "?"]
[White "Thornley, Oliver"]
[Black "MacNeil, Elliott"]
[Result "1-0"]
[WhiteElo "1449"]
[BlackElo "1677"]
[PlyCount "79"]
[EventDate "2024.02.24"]
[EventType "team-swiss (rapid)"]
[EventRounds "9"]
[EventCountry "ENG"]
[SourceTitle "CB11_2024"]
[SourceDate "2024.03.13"]
[SourceVersion "1"]
[SourceVersionDate "2024.03.13"]
[SourceQuality "1"]
[WhiteTeam "Bath"]
[BlackTeam "UCL"]
[WhiteTeamCountry "ENG"]
[BlackTeamCountry "ENG"]

1. e4 d6 2. Nc3 g6 3. Bc4 Nf6 4. f4 Bg7 5. Nf3 c6 6. Bb3 b5 7. d3 Bb7 8. e5 dxe5 9. fxe5 Nd5 10. 0-0 Qb6+ 11. Kh1 e6 12. Ne4 0-0 13. c4 bxc4 14. dxc4 Ne7 15. c5 Qc7 16. Nd6 Nf5 17. Qe1 Nd7 18. g4 Nxd6 19. exd6 Qb8 20. Be3 Ba6 21. Rf2 Qb5 22. Rc1 Bxb2 23. Rxb2 Qd3 24. Rc3 Qe4 25. Bh6 Qxe1+ 26. Nxe1 Rfb8 27. Nf3 e5 28. Ng5 Rb5 29. Bxf7+ Kh8 30. Ne6 Rg8 31. Rxb5 Bxb5 32. Bxg8 Kxg8 33. Rf3 e4 34. Re3 Bd3 35. Nd4 Nxc5 36. Nxc6 Kf7 37. Ne5+ Ke6 38. Nxd3 Nxd3 39. Rxe4+ Kxd6 40. Rd4+ 1-0